| 000 | 00450 a2200133 4500 | ||
|---|---|---|---|
| 001 | ART_4727 | ||
| 005 | 20260410161824.0 | ||
| 008 | 260409a | ||
| 245 | 1 | 0 | _aNueva tecnologías y empleo en el grupo INI |
| 100 | 1 | _aCuenca Valdivia, Miguel | |
| 700 | 1 | _aNúñez Domingo, Pedro Pablo | |
| 700 | 1 | _aGarcía Gotor, María Dolores | |
| 773 | 0 |
_tRevista de trabajo _gFormación profesional - Año 1, Nº 1 (mar./abr. 1994) _wREV4713 |
|
| 999 |
_c22610 _d22610 |
||